000 00683nam a2200241Ia 4500
001 dia_1773
003 CHAP
005 20251027153808.0
008 220117s1987 xx 000 0 und d
010 _a172312
040 _cCHAP
082 _a631.23 A6Y
100 _aAppert, Jean
_96345
245 _aThe Storage of Food Grams and Seeds /
_c by Jean Appert
260 _aLondres, Inglaterra :
_b Mac-Millan Press,
_c1987
300 _a146 p.
400 _aTHE TROPICAL AGRICULTURALIST
650 _a1.Granos
_xalmacenamiento.
_9148969
901 _a631.23 A6Y
902 _aM
905 _a0000001987 LONA 0000000000ING00
942 _cLIBRO
_2ddc
999 _c172312
_d172312